000 00783nam a2200205Ia 4500
003 GCL
008 140319s9999 xx 000 0 ara d
040 _aGCL /
_cGCL
082 0 4 _a935
_bغ م
100 1 _aطارق معصرانى
245 1 0 _aالمدن الاولى: الجزء الاول ما بين النهرين - مهد الحضارة البشرية . الجزء الثانى: ثقافات عظيمة فى اميركا الوسطى ما قبل كولومبوس /
_cطارق معصرانى
700 1 _aغولايف، فاليرى
260 _a[S.N] :
_bدار التقدم ،
_c1989
300 _a310 ص
490 _a
650 0 4 _aالشرق القديم - تاريخ
650 0 4 _aالسومريون
650 0 4 _aالحضارة - تاريخ
942 _2ddc
_cBK
999 _c35525
_d35525